| 000 | 00657cam a2200205 4500500 | ||
|---|---|---|---|
| 005 | 20260329002423.0 | ||
| 041 | _afre | ||
| 042 | _adc | ||
| 100 | 1 | 0 |
_aPortevin, Catherine _eauthor |
| 245 | 0 | 0 | _aCamille Froidevaux-Metterie, Sandra Laugier. À la recherche d’une autre voix |
| 260 | _c2012. | ||
| 500 | _a21 | ||
| 690 | _aCamille Froidevaux-Metterie | ||
| 690 | _aCare | ||
| 690 | _aMaternité | ||
| 690 | _aMorale | ||
| 690 | _aSandra Laugier | ||
| 786 | 0 | _nPhilosophie magazine | 59 | 5 | 2012-05-01 | p. 22-23 | 1951-1787 | |
| 856 | 4 | 1 | _uhttps://shs.cairn.info/magazine-philosophie-magazine-2012-5-page-22?lang=fr&redirect-ssocas=7080 |
| 999 |
_c1814753 _d1814753 |
||